[Event "EU-ch 6th"]
[Site "Warsaw"]
[Date "2005.06.26"]
[Round "8"]
[White "Gurevich, Mikhail"]
[Black "Kurnosov, Igor"]
[Result "1-0"]
[WhiteElo "2630"]
[BlackElo "2550"]
[Annotator "Gurevich,M"]
[PlyCount "87"]
[EventDate "2005.06.18"]
[EventType "swiss"]
[EventRounds "13"]
[EventCountry "POL"]
[SourceTitle "CBM 108"]
[Source "ChessBase"]
[SourceDate "2005.09.26"]
[SourceVersion "1"]
[SourceVersionDate "2005.09.26"]
[SourceQuality "1"]

1. d4 {Finkel,A} Nf6 2. c3 g6 3. Bg5 Bg7 4. Nd2 d5 5. e3 O-O 6. Bd3 c5 $5 (6...
b6 7. Ngf3 c5 8. O-O Ba6 9. Bxa6 Nxa6 10. Qe2 Nc7 11. Rad1 Ne6 12. Bh4 Qc7 13.
Ne5 Nd8 14. Qf3 Nc6 15. Bxf6 Bxf6 16. Nxc6 Qxc6 17. dxc5 bxc5 18. e4 dxe4 19.
Qxe4 Qa6 20. a3 Rfd8 21. Nc4 $14 {0-1 Gurevich,M-Milov,V/Ajaccio 2004/EXT 2005
(102)}) (6... Nbd7 7. f4 c5 8. Ngf3 cxd4 9. exd4 h6 10. Bxf6 Nxf6 11. Ne5 Bf5
12. Bxf5 gxf5 13. O-O Qd6 14. a4 a6 15. a5 Rfb8 16. h3 b6 17. axb6 Rxb6 18. b4
Qc7 19. Rf3 e6 $13 {0-1 Hillarp Persson,T-Hermansson,E/Copenhagen/Malmoe DEN
2005/The Week in Chess 546 (40)}) 7. Ngf3 (7. Ne2 cxd4 8. cxd4 Nc6 9. O-O e5
10. dxe5 Nxe5 11. Bc2 Re8 12. h3 Bd7 13. Nd4 Qb6 14. Bb3 Bc6 $132 {0-1 Najjar,
A-Mamedov,R/Dubai UAE 2005/The Week in Chess 544 (25)}) 7... Qb6 8. Rb1 Nc6 9.
O-O Re8 10. b4 (10. Re1 {Finkel,A} e5 11. Bxf6 Bxf6 12. e4 exd4 13. exd5 Rxe1+
14. Qxe1 Ne7 15. c4 (15. d6 $6 Qxd6 16. Ne4 Qf4 17. Qd2 Qxd2 18. Nxf6+ Kg7 19.
Nxd2 Kxf6 20. Ne4+ Kg7 21. Nxc5 dxc3 22. bxc3 b6 $15 {Lechtynsky,J-Stohl,I/
Tatran Cup 1984}) 15... Bf5 16. Qe2 Qa6 $13 {Cvek,R-Jansa,V/Zlin 1998}) 10...
cxb4 11. cxb4 e5 {Finkel,A: 'The most principal conituation.'} (11... a5 {
'!?' Finkel,A.} 12. a3 (12. bxa5 {Finkel,A} Qxa5 13. Nb3 Qa7 14. Bb5 Ne4 15.
Rc1 Bg4 16. Bh4 Qxa2 17. Bxc6 bxc6 18. Rxc6 g5 $11 {Bator,Z-Schandorff,L/
Copenhagen 1985}) 12... axb4 13. Qb3 e5 14. dxe5 Ng4 15. axb4 Be6 16. b5 Ncxe5
$132 {1/2-1/2 Izquierdo,D-Riverol,J/Montevideo 2001/CBM 082 ext (53)}) (11...
Bg4 {Finkel,A} 12. Qb3 (12. h3 Be6 13. a3 Rac8 14. Qe2 Nb8 15. Rfc1 Rxc1+ 16.
Rxc1 Rc8 17. Qd1 Kf8 18. Bf4 Qd8 $11 {Pyhala,A-Salmensuu,O/Tampere 1997}) 12...
Bxf3 13. Nxf3 e6 14. Rfc1 Rec8 15. a3 Ne8 16. Bf4 Bf8 17. Qa2 a6 18. Rc2 f6 19.
h4 Na7 $11 {Aldrete,J-De Greif,B/Buenos Aires 1978}) (11... a6 {Finkel,A} 12.
h3 e5 $2 13. b5 axb5 14. Bxb5 exd4 15. Nxd4 $16 {Alekseev,A-Dvoirys,S/
Jaroslavl 1986}) (11... Bf5 $5 {Finkel,A} 12. Bxf5 gxf5 13. Bxf6 Bxf6 14. Ne1
$5 (14. a3 e6 15. Nb3 Ne7 $5 16. Nc5 Nc8 17. Ne5 Nd6 18. Kh1 Qc7 19. Rc1 Qe7
20. g4 $14 {Plachetka,J-Sinowjew,J/Oberwart op 1991 (34)}) 14... e6 15. Nd3 Qd8
16. Qa4 Ne7 17. Rbc1 Nc8 18. Rc7 $5 Re7 19. Rxe7 Qxe7 20. Rc1 $14 {
Reefschlaeger,H-Podzielny,K/BL8384 1984}) 12. Nxe5 Nxe5 13. dxe5 Rxe5 (13...
Ng4 14. Nf3 Nxe5 15. Nxe5 Bxe5 16. Qf3 Qd6 17. h3 $14) 14. Bf4 Re8 15. Qa4 $5 {
[/\ 16.Qa5, 17.Rfc1|^<<] Finkel,A: 'Harmless continuation, but it's not easy
to point out a better alternative.'} (15. Qf3 {Finkel,A} Bd7 16. Bg5 Rac8 17.
Bxf6 Bxf6 18. Nb3 Rc3 $6 19. Nc5 Rd8 20. Rfd1 $14 {Druckenthaner,A-Sinowjew,J/
Austria 1992}) (15. a4 {Finkel,A} Bd7 16. Nf3 Bg4 17. a5 Bxf3 18. Qxf3 $14 {
1/2-1/2 Speelman,J-Sokolov,I/EU-chT 1992}) 15... Bd7 16. Qa5 Ne4 $5 {Finkel,A:
'Forcing white to take on e4.'} (16... Qxa5 17. bxa5 Bc6 18. Rfc1 $14) 17. Nxe4
dxe4 18. Bc4 Be6 ({Finkel,A: After} 18... Qxa5 19. bxa5 Bc6 20. Bb5 $5 {
Finkel,A: 'white keeps a slight edge due to the pressure on b7.'} (20. Rfd1
Rac8 $11) 20... Bxb5 {Finkel,A} (20... Rec8 {Finkel,A} 21. Bxc6 bxc6 22. Rfc1
c5 23. Rc4 f5 24. Rb7 Rc6 25. h3 $14) 21. Rxb5 Re7 22. Rfb1 Rd8 23. g4 Rdd7 24.
Kg2 $14) 19. Rfc1 Rec8 $5 20. Bxe6 (20. Qxb6 axb6 21. Bxe6 fxe6 22. Rxc8+ Rxc8
23. Rd1 e5 24. Bg3 Kf7 $132) 20... Qxe6 21. Rxc8+ Qxc8 ({Finkel,A: Another way
to equality was} 21... Rxc8 $5 {'!' Finkel,A.} 22. Qxa7 Qd5 $44 23. h3 {
Finkel,A} b5 $11 {and black has sufficient compensation for the pawn.}) 22. Rd1
Qc2 (22... Qc4 $5 23. h3 h6 $13) 23. Qd5 Bf6 {[/\ 24...Rd8] '?!' Finkel,A.} (
23... h5 {Finkel,A} 24. h3 Rc8 25. Qd7 Bf6 $11) 24. Bh6 Bg7 25. Bxg7 (25. Bg5
h6 $132) 25... Kxg7 26. h4 $1 {[/\ 27.h5|^>>]} Re8 27. Qd4+ (27. h5 Re6 28.
Qd4+ Kh6 29. hxg6 $14) 27... Kh6 (27... Kg8 28. h5 gxh5 29. Qd5 $36) 28. Qd6 $5
$138 (28. Ra1 b6 (28... a6 29. Qd7 $14) 29. Qd7 Rf8 $14) 28... Qxa2 29. Qf4+
Kg7 30. h5 Qe6 31. h6+ Kf8 32. Qc7 $44 Qc6 33. Qa5 a6 34. Qg5 Qe6 $6 $138 (
34... f5 $5 35. Qf4 Kf7 36. g4 $44) 35. Qc5+ Qe7 (35... Kg8 36. Rd6 $16) 36.
Rd6 $1 g5 $2 (36... Kg8 37. Qd4 Qf8 38. Qb6 $44) 37. g3 {/\ 38.Kg2;} (37. g4 $5
) 37... b5 38. Kg2 $22 $16 Qe5 (38... Kg8 39. Qd4 $18) 39. Rd5+ Qe7 40. Qd4 f6
41. Rd6 Kg8 (41... Qe5 42. Rxf6+ Kg8 43. Qd7 $18) 42. Rd7 $1 $18 Qe6 (42... Qf8
43. Rg7+ Kh8 44. Qd7 $18) 43. Qa7 Qf5 44. Rd8 $1 1-0

[Event "VAM Hoogeveen"]
[Site "Hoogeveen"]
[Date "1997.10.15"]
[Round "4"]
[White "Smyslov, Vassily V"]
[Black "Polgar, Judit"]
[Result "1/2-1/2"]
[WhiteElo "2480"]
[BlackElo "2670"]
[Annotator "Hansen,Cu"]
[PlyCount "69"]
[EventDate "1997.10.11"]
[EventType "tourn"]
[EventRounds "6"]
[EventCountry "NED"]
[EventCategory "14"]
[SourceTitle "CBM 062"]
[Source "ChessBase"]
[SourceDate "1998.01.31"]
[SourceVersion "1"]
[SourceVersionDate "1998.01.31"]
[SourceQuality "1"]

1. Nf3 Nf6 2. d4 g6 3. Bg5 Bg7 4. Nbd2 d5 5. e3 O-O 6. Bd3 c5 7. c3 b6 8. O-O
Bb7 9. Bxf6 $5 {Apparently this move has not been played before} Bxf6 10. Qe2
Bg7 11. Rad1 Nd7 12. Rfe1 c4 $6 {The beginning of a strategically dubious plan.
} 13. Bc2 f5 14. Ng5 $1 Rf6 15. f4 $1 {[%csl Rb7] In a blocked position white
now has a clear advantage because: he has the good bishop - black has one very
bad bishop(Bb7). White has to Ns and Ns are stronger than Bs in closed
positions - especially here where e5 could be a good square for the Ns. Should
one N be changed on e5 then after d4xe5 the square d4 looks like a good place
for the other N to go.} b5 16. g4 e6 17. Qg2 Qe7 18. Ndf3 h6 19. Nh3 a5 20. Ne5
g5 $6 {Objektively speaking this is tactically a bad move. However the idea is
sound. To open the diagonal for blacks bad Bb7} 21. gxf5 Nxe5 (21... exf5 22.
fxg5 hxg5 23. Nxd7 Qxd7 24. Qxg5 $16 {Black has lost a P and Bb7 is still a
useless piece}) 22. dxe5 Rxf5 23. Bxf5 exf5 24. fxg5 d4 {Black has managed to
open the diagonal a8-h1 for Bb7. The cost has been to high though. Exchange, P
and bad K-position - for one good bishop-/^} 25. e4 dxc3 26. bxc3 $2 {So far
Smyslov has been able to use is outstanding experience in strategical
positions. However when a game is decided normally it is neccesary to switch
into calculating winning lines. Of which the first seems to be:} (26. gxh6 cxb2
27. Qg6 $1 Bxe4 28. Ng5 $18) 26... hxg5 27. Nxg5 b4 28. e6 Bc6 29. Nf7 $2 {
The last clear win was probably:} (29. Rf1 Rf8 30. Qg3 $1 {[%cal Re4f5,Rg3h4] /
\exf5//\Qh4}) 29... Qf6 30. Rd6 Qxc3 31. Red1 Bxe4 32. Rd8+ Rxd8 33. Rxd8+ Kh7
34. Ng5+ Kh6 35. Nf7+ {A interesting struggle between a strategical and  a
tactical player.} 1/2-1/2

[Event "Capablanca Memorial-A"]
[Site "Matanzas"]
[Date "1994.??.??"]
[Round "9"]
[White "Miles, Anthony John"]
[Black "Becerra Rivero, Julio"]
[Result "1-0"]
[WhiteElo "2590"]
[BlackElo "2480"]
[Annotator "Hecht,H"]
[PlyCount "95"]
[EventDate "1994.??.??"]
[EventType "tourn"]
[EventRounds "11"]
[EventCountry "CUB"]
[EventCategory "10"]
[SourceTitle "CBM 043"]
[Source "ChessBase"]
[SourceDate "1994.12.01"]
[SourceVersion "1"]
[SourceVersionDate "1994.12.01"]
[SourceQuality "1"]

1. d4 Nf6 2. Nf3 g6 3. c3 Bg7 4. Bg5 O-O 5. Nbd2 d5 6. e3 c6 7. Be2 Bf5 8. O-O
Qb6 9. b4 a5 10. a3 Nbd7 11. Qb3 Qa7 12. Qb2 Rfe8 13. Rfd1 e5 14. Bh4 Ne4 15.
Nxe4 Bxe4 16. bxa5 Rab8 17. Qb4 Bf8 18. Qb3 Qxa5 19. Nxe5 Nxe5 20. dxe5 b5 21.
Bf6 Ra8 22. Bg4 Qa7 23. Re1 h5 24. Bh3 Bg7 25. Qd1 Bxf6 26. exf6 Qc5 27. Qd4
Qd6 28. f3 Bc2 29. e4 Re5 30. Qd2 Bb3 31. f4 Qc5+ 32. Kh1 Rxe4 33. f5 Qf8 34.
fxg6 fxg6 35. Be6+ Rxe6 36. Rxe6 d4 37. Rxc6 Bd5 38. Rb6 Rxa3 39. Rxa3 Qxa3 {
[#]} 40. Rb8+ Kf7 41. Qe1 dxc3 42. Rc8 Bc4 43. h3 c2 44. Qe8+ Kxf6 45. Rc6+ Kg7
46. Qe5+ (46. Qxg6+ Kf8 47. Rf6+ Ke7 48. Qg7+ Ke8 $10) 46... Kh6 (46... Kh7 47.
Rc7+ Kh6 48. Qf4+ g5 49. Qf6#) (46... Kg8 47. Rc8+ Kf7 48. Rc7+ Kg8 49. Qe8+
Qf8 50. Qxg6+ $18) (46... Kf8 47. Rc8+ Kf7 48. Rc7+ Kf8 49. Qg7+ Ke8 50. Rc8#)
47. Qh8+ Kg5 48. Qf6+ 1-0

[Event "Kuala Lumpur"]
[Site "Kuala Lumpur"]
[Date "1994.??.??"]
[Round "8"]
[White "Ye, Rongguang"]
[Black "Xie, Jun"]
[Result "1/2-1/2"]
[WhiteElo "2500"]
[BlackElo "2515"]
[Annotator "Hecht,H"]
[PlyCount "122"]
[EventDate "1994.03.??"]
[EventType "tourn"]
[EventRounds "10"]
[EventCountry "MAS"]
[EventCategory "10"]
[SourceTitle "CBM 041"]
[Source "ChessBase"]
[SourceDate "1994.08.01"]
[SourceVersion "1"]
[SourceVersionDate "1994.08.01"]
[SourceQuality "1"]

1. d4 Nf6 2. Nf3 g6 3. Bg5 Bg7 4. Nbd2 d5 5. e3 O-O 6. Be2 Nbd7 7. b4 c6 8. O-O
Re8 9. Rc1 a5 10. b5 c5 11. c4 cxd4 12. Nxd4 dxc4 13. Nxc4 Ne4 14. Bh4 Ne5 15.
Nxe5 Bxe5 16. Qc2 Nd6 17. Rfd1 Qb6 18. Bg3 Bxg3 19. hxg3 e5 20. Nf3 Bg4 21. Qc5
Qxc5 22. Rxc5 Rac8 23. Rxc8 Nxc8 24. Kf1 Kf8 25. Ng5 Bxe2+ 26. Kxe2 h6 27. Ne4
Ke7 28. Rc1 Kd8 29. Nf6 Re6 30. Rd1+ Rd6 31. Ng4 Rxd1 32. Kxd1 Nd6 33. Nxe5
Nxb5 34. Nxf7+ Ke7 35. Ne5 Kf6 36. Nc4 Nc3+ 37. Kc2 Nxa2 38. Nxa5 b6 39. Nc6
Ke6 40. Kb2 Kd6 41. Kxa2 Kxc6 42. Kb3 (42. g4 $1) 42... Kc5 (42... h5 $5 43.
Kc4 b5+ 44. Kd4 Kd6 45. e4 Kc6 46. e5 Kb6 47. Kd5 $18) 43. e4 $2 (43. g4 $1 g5
44. f4 gxf4 45. exf4 Kd5 46. Kb4 Ke4 47. g3 $18) (43. g4 $1 h5 44. gxh5 gxh5
45. f4 Kd5 46. f5 Ke5 47. e4 h4 48. Kb4 Kf4 49. f6 Kg3 50. f7 $18) (43. g4 $1
Kd5 44. f4 Ke4 45. Kb4 $18) 43... h5 $1 44. Kc3 b5 45. f4 $2 (45. f3 $1 g5 (
45... b4+ 46. Kd3 Kb5 47. Kd4 Ka4 48. e5 b3 (48... Kb5 49. f4 $18) 49. e6 b2
50. e7 b1=Q 51. e8=Q+ Ka3 52. Qa8+ Kb2 53. Qb7+ Kc1 54. Qxb1+ $18) 46. f4 h4
47. gxh4 $18) 45... Kc6 $1 (45... Kd6 46. Kd4 Kc6 47. e5 $18) (45... b4+ 46.
Kd3 Kb5 47. Kd4 Ka4 48. f5 b3 49. Kc3 Ka3 50. f6 b2 51. f7 b1=Q 52. f8=Q+ $18)
46. Kd4 Kd6 47. e5+ Kc6 48. Ke3 Kd5 49. Kd3 b4 50. Kd2 Kc6 51. Ke2 Kc5 52. Ke3
Kd5 53. Kd3 Kc5 54. Kc2 Kc6 55. Kb3 Kb5 56. Kb2 Kb6 57. Kb3 Kb5 58. g4 (58. e6
Kc6 59. Kxb4 Kd6 60. Kc4 Kxe6 61. Kd4 Kf5 62. Ke3 Kg4 63. Kf2 h4 64. gxh4 Kxf4
65. g3+ Kg4 66. Kg2 g5 $10) 58... hxg4 59. g3 Kc5 60. Ka4 Kd5 (60... Kc4 61. e6
b3 62. e7 b2 63. e8=Q b1=Q 64. Qc8+ Kd4 65. Qxg4 Ke3 $10) 61. Kxb4 g5 (61... g5
62. fxg5 (62. Kc3 gxf4 63. gxf4 g3 $19) 62... Kxe5 63. Kc5 Kf5 64. Kd5 Kxg5 65.
Ke5 Kg6 66. Kf4 Kf6 67. Kxg4 Kg6 $10) 1/2-1/2

[Event "Altensteig"]
[Site "Altensteig"]
[Date "1994.??.??"]
[Round "3"]
[White "Stangl, Markus"]
[Black "Har Zvi, Ronen"]
[Result "1/2-1/2"]
[WhiteElo "2535"]
[BlackElo "2470"]
[Annotator "Hecht,H"]
[PlyCount "118"]
[EventDate "1994.08.??"]
[EventType "tourn"]
[EventRounds "11"]
[EventCountry "GER"]
[EventCategory "12"]
[SourceTitle "CBM 043"]
[Source "ChessBase"]
[SourceDate "1994.12.01"]
[SourceVersion "1"]
[SourceVersionDate "1994.12.01"]
[SourceQuality "1"]

1. d4 Nf6 2. Nf3 g6 3. Bg5 Bg7 4. c3 O-O 5. Nbd2 d5 6. e3 Nbd7 7. Be2 Re8 8.
O-O e5 9. Nb3 a5 10. a4 c6 11. c4 exd4 12. Nbxd4 Nb6 13. Nd2 h6 14. Bh4 g5 15.
Bg3 Qe7 16. Qc2 dxc4 17. Bxc4 Ne4 18. Nxe4 Qxe4 19. Bd3 Qe7 20. Bf5 Bxd4 21.
Bh7+ Kh8 22. exd4 Nd5 23. Ra3 Be6 24. f4 gxf4 25. Bxf4 Nxf4 26. Rxf4 Qg5 27.
Raf3 Bg4 28. Rf1 Re2 29. Qd3 Rxg2+ 30. Kxg2 Be2+ 31. Qg3 Bxf1+ 32. Kxf1 Qxg3
33. hxg3 Kxh7 34. Rxf7+ Kg8 35. Rxb7 Rd8 36. Ke2 Rxd4 37. b3 Kf8 38. Rb6 c5 39.
Rxh6 Rb4 40. Rf6+ Kg7 41. Rf3 c4 42. bxc4 Rxc4 43. Rf4 Rc3 44. g4 Kg6 45. Kd2
Rg3 46. Kc2 Kg5 47. Rf5+ Kxg4 48. Rxa5 $10 Kf4 $1 (48... Kf3 $1 $10) (48... Rh3
$2 $18 {24} 49. Kb2 Kf4 50. Rb5 Ke4 51. a5 Rh6 52. Kc3 Rh1 (52... Rg6 53. Kb4
Rh6 54. Rg5 Re6 55. Kb5 $18) 53. Rc5 Rc1+ 54. Kb4 Rb1+ 55. Kc4 Rc1+ 56. Kb5
Rb1+ 57. Kc6 Ra1 58. Kb6 Kd4 59. Rb5 Rh1 60. a6 Rh6+ 61. Ka5 Rh7 62. Rb8 Rh5+
63. Kb4 Rh7 64. Ra8 Re7 65. a7 Ke4 66. Kb5 Ke3 67. Kb6 Re6+ 68. Kc7 Re7+ 69.
Kd6 Rh7 70. Re8+ $18) 49. Kb2 Ke4 50. Rc5 (50. Rb5 Kd4 51. a5 Rg6 52. Kb3 Rh6
53. Kb4 Rh1 $1 $8 54. a6 Ra1 $1 $8 55. Rb6 Rb1+ 56. Ka5 Ra1+ 57. Kb5 Kd5 $1 $10
) 50... Kd4 51. Rc8 Rh3 52. a5 Rh5 53. a6 Rb5+ 54. Kc2 Ra5 55. Rc6 Kd5 56. Rh6
Kc4 57. Rh4+ Kb5 58. Rh5+ Kxa6 59. Rxa5+ Kxa5 1/2-1/2

[Event "Hamburg SKA"]
[Site "Hamburg"]
[Date "1991.06.30"]
[Round "4"]
[White "Jussupow, Artur"]
[Black "Wirthensohn, Heinz"]
[Result "1-0"]
[WhiteElo "2605"]
[BlackElo "2460"]
[Annotator "Jussupow,A"]
[PlyCount "113"]
[EventDate "1991.06.27"]
[EventType "tourn"]
[EventRounds "13"]
[EventCountry "GER"]
[EventCategory "11"]
[SourceTitle "CBM 024"]
[Source "ChessBase"]
[SourceDate "1991.10.01"]
[SourceVersion "1"]
[SourceVersionDate "1991.10.01"]
[SourceQuality "1"]

1. d4 Nf6 2. Nf3 d5 3. Bg5 Ne4 4. Bh4 (4. Bf4 $32) 4... Qd6 (4... c5 $5 5. e3
Qb6 $10) 5. Nbd2 Qh6 6. Qc1 Nxd2 {N} (6... Nc6 7. c3 Qh5 8. h3 h6 9. g4 Qg6 $13
{Loginov-Karpeshov,Volgodonsk 1983}) 7. Qxd2 Qxd2+ 8. Kxd2 $14 Bf5 9. e3 e6 10.
Be2 Bd6 (10... Be7 11. Bxe7 Kxe7 12. Nh4 $14) 11. Bg3 {/\Nh4} h6 (11... Bxg3
12. hxg3 h6 13. Rh4 {/\g4-g5+/=}) 12. Bxd6 cxd6 13. a4 $1 (13. Rhc1 Ke7 14. c4
dxc4 15. Rxc4 Nc6 16. Rac1 Be4 $10) 13... Ke7 (13... a5 14. Ra3 $14) 14. a5 Nd7
(14... Nc6 15. Ra4 $14) (14... Rc8 $5 15. Rhc1 Nc6 16. Ra4 b6 17. axb6 axb6 18.
Rca1 Ra5 $14) 15. Rhc1 Rhc8 (15... Nf6 $32 16. Ke1 Rhc8 17. c3 $14) 16. Ne1 $1
Rc7 17. Nd3 Bxd3 18. Bxd3 Rb8 (18... Rac8 $5 19. Ra3 Nb8 $14) 19. Ra3 b6 20.
Rca1 $5 (20. axb6 Rxb6 21. b3 Nb8 22. c3 $6 (22. Rca1 Nc6 $14) 22... a5 $1 $10)
20... b5 21. a6 {Creating a first weakness: 'b'-pawn.} b4 22. Ra5 Rc6 23. f3 (
23. Rb5 Rxb5 24. Bxb5 Rb6 25. Bd3 $14) 23... Rcb6 24. h4 Nf6 25. g4 {White's
plan is to provoke another weakness on a king-side, exchange one pair of rooks
and combine threats on different sides of the board.} Rh8 26. Rb5 Rhb8 $6 (
26... Rxb5 $32) 27. Rxb6 Rxb6 28. g5 hxg5 29. hxg5 Nd7 (29... Ne8 $6 30. Rh1
Nc7 31. Rh7 Kf8 32. Rh8+ Ke7 33. Kc1 Nxa6 34. Ra8 Nc7 35. Rxa7 Kd7 36. Kb1 $18)
30. Rh1 $16 Rb8 31. Rh7 Rg8 (31... Kf8 $5 32. Rh8+ Ke7 33. Rxb8 Nxb8 34. c3 $16
) 32. c3 $1 {With passive black rook white can bring their king to the action.}
(32. Kc1 $5 Nb6 $1 33. Kb1 Nc4 $132) 32... bxc3+ 33. Kxc3 Kd8 34. Kb4 Kc7 35.
Ka5 Nb6 (35... Nb8 $2 36. Bb5 $18) 36. Rh2 $1 (36. b3 $2 Nc8 37. Rh2 Ne7 38.
Bb5 Nf5 $132) 36... Rc8 37. b3 Kd7 38. Rh7 Rg8 39. f4 {/\39...Nc8 40.f5!} Ke7
40. Bb5 (40. Kb5 Na8 $1 41. Kc6 $4 Rb8 $19) 40... f6 (40... Nc8 $5 $16) 41. Be2
fxg5 42. fxg5 Nd7 (42... Kf7 43. Bh5+ Ke7 44. Kb5 $18) (42... Na8 $5 $16) 43.
Kb5 $1 Nf8 44. Rh2 Nd7 45. Kc6 $18 Rc8+ 46. Kb7 Rb8+ 47. Kxa7 Rxb3 48. Rh8 $1 {
Following the same strategy: to attack black's position from different sides.
Now black king became an object for an offence too.} Nf8 (48... Rxe3 $6 49. Bh5
Nf8 50. Rg8 g6 51. Bxg6 Nxg6 52. Rg7+ $18) 49. Bd1 Rb4 $8 (49... Rxe3 $5 50.
Kb6 $1 (50. Kb7 Re1 $1 51. Rg8 (51. a7 Rxd1 52. a8=Q Rb1+ 53. Kc7 Rc1+ $16)
51... Rxd1 52. Rxg7+ Ke8 53. a7 Rb1+ 54. Kc6 Ra1 $16) 50... Ra3 51. Kb5 {
/\Ba4+-}) (49... Rb2 $2 50. Ba4 {/\Bc6-Bb7+-}) 50. Bc2 Rc4 51. Bd3 Rb4 52. g6
e5 53. Bf5 exd4 54. exd4 Rxd4 55. Kb6 Ra4 (55... Rb4+ 56. Ka5 Rb2 57. Rh4 $18)
56. Rg8 Ne6 57. a7 {Yusupov} 1-0

[Event "Tel Aviv ASA"]
[Site "Tel Aviv"]
[Date "1996.??.??"]
[Round "2"]
[White "Kantsler, Boris"]
[Black "Liss, Eran"]
[Result "1-0"]
[WhiteElo "2455"]
[BlackElo "2525"]
[Annotator "Kantsler,B"]
[PlyCount "89"]
[EventDate "1996.08.??"]
[EventType "tourn"]
[EventRounds "9"]
[EventCountry "ISR"]
[EventCategory "8"]
[SourceTitle "CBM 055 Extra"]
[Source "ChessBase"]
[SourceDate "1997.01.01"]
[SourceVersion "1"]
[SourceVersionDate "1997.01.01"]
[SourceQuality "1"]

1. d4 Nf6 2. Nf3 g6 3. Bg5 Bg7 4. Nbd2 d5 5. e3 O-O 6. Be2 c5 $5 (6... Nbd7 7.
O-O c5 8. c3 b6 9. a4 a6 10. b4 c4 11. b5 $5 Bb7 12. Qc2 e6 13. Qb2 axb5 14.
axb5 Qe7 15. Ne5 Rfc8 16. Bf3 h6 17. Bxf6 $1 $14 {Smyslov,V-Chiburdanidze,M/
Aruba/1992/1:0/69/}) 7. c3 b6 8. b4 $5 cxb4 (8... c4 9. a4 $14) 9. cxb4 Bb7 10.
O-O Nbd7 11. Qb3 $5 (11. a4 $5) 11... a6 $6 (11... Ne4 $5 12. Nxe4 dxe4 13. Nd2
Nf6 $14) 12. Rac1 Ne4 13. Bf4 $5 (13. Nxe4 dxe4 14. Nd2 Nf6 $14) 13... Nxd2 14.
Nxd2 e5 15. dxe5 Nxe5 16. Nf3 Nc6 $6 (16... Qe7 17. Nxe5 Bxe5 18. Bxe5 Qxe5 19.
Qc3 $14) 17. Rfd1 Qe7 18. Rxd5 $1 (18. Qxd5 $2 Nd4 19. Qc4 Rfc8 20. Qd3 Nxe2+
21. Qxe2 Qxb4 $17) 18... Qxb4 (18... Nxb4 19. Rdd1 {/\Rc7,Bd6+/-/}) 19. Rd7 $5
(19. Qd1 $5 $14) 19... Qxb3 20. axb3 Bc8 (20... Nd8 21. Bc7 Rc8 22. Rcd1 Bc6 (
22... Ne6 23. Bxb6 $16) 23. Rxd8 Rxc7 24. Bxa6 $16) 21. Rc7 $5 (21. Rd6 $6 Nb4
22. Rxb6 Nd5 23. Rd6 Nxf4 24. exf4 $16) 21... Na5 22. b4 Nb3 (22... Nb7 23. Bc4
$16) 23. Rb1 Be6 24. Ng5 $1 (24. Bd1 $6 Rfc8 25. Bxb3 Bxb3 26. Rxb3 Rxc7 27.
Bxc7 Rc8 $15) 24... Nd2 (24... Bd5 25. Rd7 Bc6 26. Rd6 Ba4 27. Rxb6 $16) 25.
Rd1 Rfd8 26. Nxe6 fxe6 27. Rc2 $1 Ne4 28. Rxd8+ Rxd8 29. Bc7 $1 Rc8 (29... Ra8
30. Bxb6 $16) 30. Bxa6 Ra8 31. Bf1 b5 32. Ba5 (32. Bxb5 Ra1+ 33. Bf1 Bc3 34. g3
Bxb4 35. Kg2 $16) 32... Nc3 33. g3 Ra7 34. Bh3 Kf7 35. Rd2 Bf8 36. Bg2 Be7 37.
Bf3 Nb1 38. Rd3 Bf6 39. Bb6 Ra1 40. Rd7+ Ke8 41. Bc6 Kf8 42. Kg2 Nc3 43. Rxh7
Ra2 44. Bc5+ Kg8 45. Rd7 1-0